Normal view
MARC view
- الفكر الاسلامي - البناء الفكري - التفكير - خرائط الافكار - اللغة والفكر - المراكز الفكرية
Entry Topical Term
001 - CONTROL NUMBER
- control field: 52244
003 - CONTROL NUMBER IDENTIFIER
- control field: JO-AjAnu
005 - DATE AND TIME OF LATEST TRANSACTION
- control field: 20230606082605.0
008 - FIXED-LENGTH DATA ELEMENTS
- fixed length control field: 230606|| aca||aabn | a|a d
040 ## - CATALOGING SOURCE
- Original cataloging agency: JO-AjAnu
- Transcribing agency: JO-AjAnu
150 ## - HEADING--TOPICAL TERM
- Topical term or geographic name entry element: الفكر الاسلامي - البناء الفكري - التفكير - خرائط الافكار - اللغة والفكر - المراكز الفكرية
670 ## - SOURCE DATA FOUND
- Source citation: Work cat.: (JO-AjAnu)26699: ملكاوي، فتحي حسن, author 52243, البناء الفكري: مفهومه ومستوياته وخرائطه